Preč so známkami?

Bibliographic Details
Main Authors: Čobejová, Eva, 1965- (Author), Hanus, Martin, 1977- (Author)
Format: Article
Language:Slovak
PhysicalDescription:Obr.
ISSN:1336-5932
Subjects:

MARC

LEADER 00000nab a2200000 a 4500
001 vtls008827982
003 SK-MaSNL
005 20260426072655.0
008 140515c2006 xo wr|p|||||||000 b|slo
015 |a SNBRB2006/06  |2 snkbucl 
040 |a SNKBUCL  |b slo  |c SNKBUCL  |e AACR2 
041 0 |a slo 
044 |a xo  |c SK 
080 |a 371.262  |2 2001 
080 |a 371.279.7  |2 2001 
080 |a 37.013  |x (437.6)  |2 2001 
100 1 |a Čobejová, Eva,  |d 1965-  |4 aut  |9 135492 
245 1 0 |a Preč so známkami?  |c Eva Čobejová, Martin Hanus 
300 |b Obr. 
500 |a V názve článku sa namiesto písmen e, z a i vyskytujú číslovky 3, 2 a 1 
650 0 7 |a hodnotenie žiakov  |2 snkbucl  |9 3929 
650 0 7 |a vysvedčenia  |2 snkbucl  |9 56844 
651 7 |a Slovensko  |2 snkbucl  |9 14231 
700 1 |a Hanus, Martin,  |d 1977-  |4 aut  |9 103369 
773 0 |t Týždeň  |g Roč. III, č. 26 (2006), s. 20-27  |x 1336-5932 
852 |a SNK  |b KIS3GCP 
958 |a SK 
999 |c 2691021  |d 2692951